| 000 -LEADER |
| fixed length control field |
00967pab a2200205 454500 |
| 008 - FIXED-LENGTH DATA ELEMENTS--GENERAL INFORMATION |
| fixed length control field |
180718b1999 xxu||||| |||| 00| 0 eng d |
| 100 ## - MAIN ENTRY--PERSONAL NAME |
| Personal name |
Nagaraj, N. |
| 245 ## - TITLE STATEMENT |
| Title |
Groundwater institutions in US and India: sustainable and equitable resource use |
| 260 ## - PUBLICATION, DISTRIBUTION, ETC. |
| Date of publication, distribution, etc. |
1999 |
| 300 ## - PHYSICAL DESCRIPTION |
| Extent |
p.A93-104 |
| 362 ## - DATES OF PUBLICATION AND/OR SEQUENTIAL DESIGNATION |
| Dates of publication and/or sequential designation |
26 Jun |
| 520 ## - SUMMARY, ETC. |
| Summary, etc. |
In India, lack of effective groundwater institutions at the local level has resulted in misallocation, deteriorating quality of water and severe overdrafts. To promote sustainable use of groundwater, India could use the Nebraska model which includes formation of natural resource districts, specifying user rights, permits for extraction, quotas and moratorium on new wells in critical areas. - Reproduced |
| 650 ## - SUBJECT ADDED ENTRY--TOPICAL TERM |
| Topical term or geographic name entry element |
Groundwater - India |
| 650 ## - SUBJECT ADDED ENTRY--TOPICAL TERM |
| Topical term or geographic name entry element |
Groundwater - United States |
| 650 ## - SUBJECT ADDED ENTRY--TOPICAL TERM |
| Topical term or geographic name entry element |
Groundwater |
| 700 ## - ADDED ENTRY--PERSONAL NAME |
| Personal name |
Sampath, R.K. |
| 700 ## - ADDED ENTRY--PERSONAL NAME |
| Personal name |
Frasier, W. Marshall |
| 773 ## - HOST ITEM ENTRY |
| Main entry heading |
Economic and Political Weekly |
| 909 ## - |
| -- |
41470 |